00626nam a2200217Ia 4500003000900000008004100009040001300050040001300063041000800076100001300084245003000097250000900127260001200136260000900148300001200157490000800169490000900177942000700186999001700193952019800210IT-RoPAU120407s9999 xx 000 0 und d aIT-RoPAU cIT-RoPAU aita aEpitteto aLe diatribe e i frammenti aBari aLaterza c1989 c20,5 cm aBUL v1282 cBK c23078d23078 00102ddc406040_12282000000000071aPAULUSbPAULUSd2012-04-11l0o040.12282r2012-04-11 00:00:00w2012-04-11yBKzInserito da: Jole In data: 22 luglio 2011 fondo: Via A.Severo 56 Progr:23070